Tuipi gal apan vak a hong tung (Record no. 7622)

MARC details
000 -LEADER
fixed length control field 00414nam a22001697a 4500
003 - CONTROL NUMBER IDENTIFIER
control field GBCCL
005 - DATE AND TIME OF LATEST TRANSACTION
control field 20241126110632.0
008 - FIXED-LENGTH DATA ELEMENTS--GENERAL INFORMATION
fixed length control field 180904b ||||| |||| 00| 0 eng d
040 ## - CATALOGING SOURCE
Transcribing agency GBC
082 ## - DEWEY DECIMAL CLASSIFICATION NUMBER
Classification number VER 266.009541
Item number ENG
100 ## - MAIN ENTRY--PERSONAL NAME
Personal name Englian, P.K.
9 (RLIN) 9679
245 ## - TITLE STATEMENT
Title Tuipi gal apan vak a hong tung
260 ## - PUBLICATION, DISTRIBUTION, ETC.
Date of publication, distribution, etc. 1988
Place of publication, distribution, etc. Lamka:
Name of publisher, distributor, etc. Suakhnun,
300 ## - PHYSICAL DESCRIPTION
Extent 164p. ;
650 ## - SUBJECT ADDED ENTRY--TOPICAL TERM
Topical term or geographic name entry element Missions
9 (RLIN) 885
942 ## - ADDED ENTRY ELEMENTS (KOHA)
Source of classification or shelving scheme Dewey Decimal Classification
Koha item type Books
Koha issues (borrowed), all copies 5
Holdings
Withdrawn status Lost status Source of classification or shelving scheme Damaged status Not for loan Collection Home library Current Library Shelving location Date acquired Total checkouts Full call number Barcode Date last seen Date last checked out Copy number Price effective from Koha item type Total renewals
    Dewey Decimal Classification       GRACE BIBLE COLLEGE GRACE BIBLE COLLEGE Archives 2018-09-04 2 VER 266.009541 ENG 003380 2025-05-01 2021-04-06 c.1 2018-09-04 Archives  
    Dewey Decimal Classification       GRACE BIBLE COLLEGE GRACE BIBLE COLLEGE Vernacular 2019-07-08 3 VER 266.009541 ENG 004281 2025-05-01 2023-03-14 c.2 2019-07-08 Books 1
© Grace Bible College Library 2025